[Event "Rated Blitz game"]
[Site "?"]
[Date "2021.11.27"]
[Round "?"]
[White "Rettich_rakete_69"]
[Black "Annali-annaliew1979"]
[Result "1-0"]
[WhiteElo "2534"]
[BlackElo "2396"]
[PlyCount "81"]
[EventDate "2021.??.??"]
[EventType "blitz"]

1. e4 e5 2. Nf3 d5 3. Nxe5 Qe7 4. d4 f6 5. Nd3 Nc6 6. c3 Bf5 7. Be2 Bxe4 8. O-O
Qf7 9. Nd2 Bf5 10. Nc5 Bxc5 11. dxc5 Nge7 12. b4 a6 13. Nf3 O-O 14. Nd4 Bg6 15.
Bf4 Rac8 16. a4 Ne5 17. b5 a5 18. Qb3 c6 19. Bd2 Be4 20. f4 Qg6 21. Rf2 Nd3 22.
Bxd3 Bxd3 23. Re1 Bc4 24. Qb2 Nf5 25. bxc6 bxc6 26. Qb7 Nxd4 27. cxd4 Bd3 28.
Re7 Be4 29. f5 Qg4 30. h3 Qg3 31. Bf4 Rb8 32. Bxg3 Rxb7 33. Rxb7 Re8 34. Rfb2
Bxf5 35. Rb8 Rxb8 36. Rxb8+ Kf7 37. Ra8 Bc2 38. Rxa5 Ke6 39. Ra7 Kf5 40. a5 Ke4
41. Bf2 {Normal} 1-0

[Event "Rated Blitz tournament BSATAEqb"]
[Site "?"]
[Date "2021.11.27"]
[Round "?"]
[White "Ian_BBC"]
[Black "bonbonchristhov"]
[Result "1-0"]
[WhiteElo "2440"]
[BlackElo "2473"]
[PlyCount "57"]
[EventDate "2021.??.??"]
[EventType "blitz"]

1. e4 e5 2. Nf3 d5 3. Nxe5 dxe4 4. d4 exd3 5. Bxd3 Be6 6. O-O Bd6 7. Qe2 Nf6 8.
Nc3 O-O 9. Bg5 Re8 10. Rad1 Bg4 11. Nxg4 Rxe2 12. Bxf6 gxf6 13. Nxe2 h5 14.
Nh6+ Kf8 15. Nf5 Nc6 16. c4 Qe8 17. Rfe1 Nb4 18. Bb1 Rd8 19. a3 Bxh2+ 20. Kxh2
Rxd1 21. Rxd1 Nc6 22. Nf4 Qe5 23. g3 Qxb2 24. Kg2 Qxa3 25. Be4 Qc5 26. Nxh5 a5
27. Nxf6 Qxc4 28. Kh2 a4 29. Bxc6 {Normal} 1-0

[Event "Rated Blitz game"]
[Site "?"]
[Date "2021.11.27"]
[Round "?"]
[White "Tuzibaba"]
[Black "Annali-annaliew1979"]
[Result "1-0"]
[WhiteElo "2635"]
[BlackElo "2460"]
[PlyCount "47"]
[EventDate "2021.??.??"]
[EventType "blitz"]

1. e4 e5 2. Nf3 d5 3. exd5 e4 4. Qe2 f5 5. d3 Nf6 6. Bg5 Be7 7. dxe4 fxe4 8.
Nd4 O-O 9. Nc3 c5 10. Ne6 Bxe6 11. dxe6 Nc6 12. Qc4 Nd4 13. O-O-O a6 14. Bxf6
Bxf6 15. Nxe4 Be7 16. c3 b5 17. Qd3 Qc7 18. cxd4 cxd4+ 19. Kb1 Rac8 20. g3 Rfd8
21. f4 Qc6 22. Bg2 Qxe6 23. Rhe1 Kh8 24. Ng5 {Normal} 1-0

[Event "Rated Blitz game"]
[Site "?"]
[Date "2021.11.27"]
[Round "?"]
[White "jorgellanoss"]
[Black "Annali-annaliew1979"]
[Result "1-0"]
[WhiteElo "2511"]
[BlackElo "2448"]
[PlyCount "49"]
[EventDate "2021.??.??"]
[EventType "blitz"]

1. e4 e5 2. Nf3 d5 3. Nc3 dxe4 4. Nxe4 f5 5. Nc3 e4 6. Ng1 Bc5 7. Nh3 Nf6 8.
Bc4 Nc6 9. O-O Qe7 10. d3 Be6 11. Bxe6 Qxe6 12. dxe4 fxe4 13. Ng5 Qe7 14. Ngxe4
Nxe4 15. Nxe4 O-O 16. Qd5+ Kh8 17. Nxc5 Rad8 18. Qc4 b5 19. Qc3 b4 20. Qc4 Rd4
21. Qb5 Ne5 22. Nd3 Nc4 23. Qc5 Qd8 24. Bg5 Qd7 25. Qxf8# {Normal} 1-0

[Event "Rated Blitz game"]
[Site "?"]
[Date "2021.11.27"]
[Round "?"]
[White "Samra"]
[Black "CT-Rex1234"]
[Result "1-0"]
[WhiteElo "2653"]
[BlackElo "2668"]
[PlyCount "83"]
[EventDate "2021.??.??"]
[EventType "blitz"]

1. e4 e5 2. Nf3 d5 3. exd5 e4 4. Qe2 Nf6 5. d3 Bb4+ 6. Bd2 Bxd2+ 7. Nbxd2 Qxd5
8. Nxe4 O-O 9. Nxf6+ gxf6 10. Qe4 Qxe4+ 11. dxe4 Re8 12. O-O-O Nc6 13. Bb5 Rxe4
14. Bxc6 bxc6 15. Rd8+ Kg7 16. Re1 Rxe1+ 17. Nxe1 Bb7 18. Rxa8 Bxa8 19. Nd3 Bb7
20. Kd2 f5 21. Ke3 Kf6 22. Kf4 Ba6 23. Nc5 Bc8 24. g3 Ke7 25. Ke5 f6+ 26. Kd4
Kd6 27. b4 Ke7 28. a4 Kd6 29. a5 Ke7 30. c3 Kd6 31. Nd3 Ba6 32. Nf4 Bb5 33. Ng2
Ba4 34. Ne3 Ke6 35. Kc5 a6 36. f4 h5 37. c4 Kf7 38. Nxf5 Kg6 39. Ne7+ Kf7 40.
Nxc6 Ke6 41. b5 axb5 42. cxb5 {Normal} 1-0

[Event "Rated Blitz tournament aKyGIkrx"]
[Site "?"]
[Date "2021.11.27"]
[Round "?"]
[White "Uchin_Crbn"]
[Black "DS_BBC"]
[Result "0-1"]
[WhiteElo "2252"]
[BlackElo "2492"]
[PlyCount "54"]
[EventDate "2021.??.??"]
[EventType "blitz"]

1. e4 e5 2. Nf3 d5 3. Nc3 dxe4 4. Nxe4 Nf6 5. Bd3 Nxe4 6. Bxe4 f5 7. Nxe5 Qf6
8. d4 fxe4 9. O-O Bd6 10. f4 O-O 11. c3 Bf5 12. Qb3+ Kh8 13. g4 Be6 14. Qxb7
Nd7 15. g5 Qf5 16. Be3 Bxe5 17. dxe5 Qg4+ 18. Kh1 Nb6 19. Rae1 Nc4 20. Qxe4
Rad8 21. Bc5 Bd5 22. Qxd5 Rxd5 23. Bxf8 Rd2 24. Bxg7+ Kxg7 25. Re2 Qxe2 26. Rf2
Qxf2 27. g6 Qg2# {Normal} 0-1

[Event "Rated Blitz game"]
[Site "?"]
[Date "2021.11.27"]
[Round "?"]
[White "Phiz2020"]
[Black "Solovyov_Oleksandr"]
[Result "1-0"]
[WhiteElo "2430"]
[BlackElo "2286"]
[PlyCount "81"]
[EventDate "2021.??.??"]
[EventType "blitz"]

1. e4 e5 2. Nf3 d5 3. exd5 e4 4. Qe2 Nf6 5. Nc3 Nxd5 6. Qxe4+ Be7 7. Qxd5 Qxd5
8. Nxd5 Bd6 9. Be2 O-O 10. O-O c6 11. Nc3 Bf5 12. d3 Nd7 13. Ne4 Be7 14. Nd4
Bg6 15. Bf4 Nb6 16. Nb3 Nd5 17. Bg3 b6 18. Bf3 Rfd8 19. Rfe1 Bb4 20. c3 Bf8 21.
d4 f5 22. Ng5 f4 23. Bh4 Be7 24. g3 Bf6 25. Ne6 Bxh4 26. gxh4 Re8 27. Bxd5 cxd5
28. Nc7 Rxe1+ 29. Rxe1 Rf8 30. Nxd5 f3 31. Ne7+ Kf7 32. Nxg6 Kxg6 33. d5 Kh5
34. Re4 Rf6 35. c4 Rg6+ 36. Kf1 Rg2 37. d6 Rxh2 38. Ke1 Rh1+ 39. Kd2 Rf1 40.
Ke3 Rd1 41. Nd2 {Normal} 1-0

[Event "Rated Blitz tournament P1DdXp24"]
[Site "?"]
[Date "2021.11.27"]
[Round "?"]
[White "vitsky2020"]
[Black "Jorny_Too_Pass"]
[Result "1-0"]
[WhiteElo "2451"]
[BlackElo "2282"]
[PlyCount "99"]
[EventDate "2021.??.??"]
[EventType "blitz"]

1. e4 e5 2. Nf3 d5 3. Nxe5 Bd6 4. d4 dxe4 5. Nc4 Nf6 6. Bg5 O-O 7. Be2 h6 8.
Bh4 Be7 9. Nc3 Bf5 10. O-O Nbd7 11. Re1 c6 12. Bf1 Re8 13. Qd2 Bb4 14. a3 Bxc3
15. Qxc3 Qc7 16. Bg3 Qd8 17. Nd6 Nd5 18. Qd2 Bg6 19. Nxe8 Qxe8 20. c4 N5f6 21.
h3 Nh5 22. Bh2 f5 23. b4 Kh7 24. Rad1 Qf7 25. d5 c5 26. d6 f4 27. Qd5 Qe8 28.
bxc5 f3 29. gxf3 Nhf6 30. Qd4 Bh5 31. Bg2 Qg6 32. fxe4 Bxd1 33. Rxd1 Re8 34. e5
Qh5 35. exf6 gxf6 36. Bg3 Qe2 37. Qd3+ Qxd3 38. Rxd3 Nxc5 39. Re3 Rxe3 40. fxe3
Kg6 41. Bd5 f5 42. Kg2 Kf6 43. Kf3 b6 44. Bh4+ Ke5 45. Bg3+ Kf6 46. Bf4 h5 47.
Kg3 Kg6 48. Kh4 a5 49. Bf3 Kf6 50. Bxh5 {Normal} 1-0

[Event "Rated Blitz game"]
[Site "?"]
[Date "2021.11.27"]
[Round "?"]
[White "reminor"]
[Black "EEberhart"]
[Result "1-0"]
[WhiteElo "2415"]
[BlackElo "2279"]
[PlyCount "53"]
[EventDate "2021.??.??"]
[EventType "blitz"]

1. e4 e5 2. Nf3 d5 3. Nxe5 Bd6 4. d4 dxe4 5. Nc4 Nf6 6. Nxd6+ Qxd6 7. Be2 O-O
8. c4 Nc6 9. d5 Ne7 10. O-O Bf5 11. Nc3 c6 12. Bg5 cxd5 13. Nb5 Qb6 14. Bxf6
Qxf6 15. cxd5 Qxb2 16. Nc7 Rac8 17. Rb1 Qxa2 18. Rxb7 Rfd8 19. d6 Nc6 20. Bb5
Ne5 21. Qd4 Ng6 22. Rxa7 Qb3 23. Bc4 Qc2 24. Qd5 Be6 25. Nxe6 fxe6 26. Qxe6+
Kh8 27. Rc7 {Normal} 1-0

[Event "Rated Blitz game"]
[Site "?"]
[Date "2021.11.27"]
[Round "?"]
[White "TheSmart"]
[Black "CzechProphylaxis"]
[Result "1-0"]
[WhiteElo "2297"]
[BlackElo "2402"]
[PlyCount "107"]
[EventDate "2021.??.??"]
[EventType "blitz"]

1. e4 e5 2. Nf3 d5 3. Nxe5 Bd6 4. Nf3 dxe4 5. Qe2 Qe7 6. Nd4 Nf6 7. Nc3 O-O 8.
d3 Bc5 9. Nb3 Bg4 10. f3 exf3 11. Qxe7 f2+ 12. Kd2 Bxe7 13. Ne4 Nxe4+ 14. dxe4
Bg5+ 15. Kc3 Bf6+ 16. Kd3 Nc6 17. Ke3 Nb4 18. Bd3 Nxd3 19. cxd3 Rad8 20. Kxf2
Rxd3 21. h3 Bh5 22. Re1 b6 23. e5 Bh4+ 24. Kf1 Bxe1 25. Kxe1 Rd1+ 26. Kf2 c5
27. Be3 Rxa1 28. Nxa1 Bg6 29. Nb3 Rd8 30. Nd2 h6 31. Nc4 Kf8 32. Kf3 Ke7 33. g4
Ke6 34. Kf4 b5 35. Nd6 Rxd6 36. exd6 Kxd6 37. b3 Kd5 38. h4 a5 39. g5 hxg5+ 40.
hxg5 Bb1 41. a3 Bc2 42. b4 axb4 43. axb4 cxb4 44. Kf3 b3 45. Bc1 Kc4 46. Bb2
Kd3 47. Bxg7 Kd2 48. Bb2 Bg6 49. Kf2 Kc2 50. Bd4 b2 51. Bxb2 Kxb2 52. Ke2 b4
53. Ke3 Ka2 54. Kd4 {Time forfeit} 1-0

[Event "Rated Blitz game"]
[Site "?"]
[Date "2021.11.27"]
[Round "?"]
[White "Dontknowhowtochess96"]
[Black "Schachelite"]
[Result "0-1"]
[WhiteElo "2507"]
[BlackElo "2483"]
[PlyCount "78"]
[EventDate "2021.??.??"]
[EventType "blitz"]

1. e4 e5 2. Nf3 d5 3. exd5 e4 4. Nd4 Qxd5 5. Nb3 Bd6 6. Nc3 Qe5 7. Be2 Nf6 8.
d4 exd3 9. Qxd3 O-O 10. Be3 Nc6 11. O-O-O Nb4 12. Qb5 Bf5 13. Qxe5 Bxe5 14. a3
Nxc2 15. Bc5 Rfd8 16. g4 Bg6 17. g5 Ne4 18. Bd3 Nxc5 19. Nxc5 Bxd3 20. Nxd3
Bxc3 21. Kxc2 Bd4 22. Rd2 Kf8 23. Rhd1 Rd6 24. Nb4 Rad8 25. Kb3 Bxf2 26. Rxd6
Rxd6 27. Rxd6 cxd6 28. Kc4 Bh4 29. Kd5 Bxg5 30. a4 Bf4 31. Nd3 Bxh2 32. b4 h5
33. a5 h4 34. b5 g5 35. a6 bxa6 36. bxa6 g4 37. Nf2 f5 38. Kc6 h3 39. Kb7 Bg1 {
Normal} 0-1

[Event "Rated Blitz game"]
[Site "?"]
[Date "2021.11.27"]
[Round "?"]
[White "ardichess"]
[Black "mirekkk14"]
[Result "0-1"]
[WhiteElo "2407"]
[BlackElo "2404"]
[PlyCount "50"]
[EventDate "2021.??.??"]
[EventType "blitz"]

1. e4 e5 2. Nf3 d5 3. exd5 e4 4. Nd4 Qxd5 5. Nb3 Nf6 6. Nc3 Qe5 7. Be2 Bd6 8.
d4 exd3 9. Qxd3 O-O 10. Be3 Nc6 11. O-O-O Nb4 12. Qd4 Re8 13. Qxe5 Bxe5 14. Bb5
c6 15. Bd3 Bg4 16. Rde1 Nxd3+ 17. cxd3 Rad8 18. d4 Bc7 19. h3 Bh5 20. g4 Bg6
21. f3 h5 22. g5 Nd5 23. Nxd5 Rxd5 24. Bf2 Bf4+ 25. Be3 Rxe3 {Normal} 0-1

[Event "Rated Blitz game"]
[Site "?"]
[Date "2021.11.27"]
[Round "?"]
[White "Loekgrabbedinstantly"]
[Black "ferdinand122"]
[Result "0-1"]
[WhiteElo "2352"]
[BlackElo "2513"]
[PlyCount "32"]
[EventDate "2021.??.??"]
[EventType "blitz"]

1. e4 e5 2. Nf3 d5 3. Nxe5 dxe4 4. Bc4 Nh6 5. d4 Nd7 6. Bf4 Nxe5 7. Bxe5 f6 8.
Bf4 Nf7 9. O-O Bf5 10. Re1 Bd6 11. Qd2 Bxf4 12. Qxf4 Nd6 13. Nc3 g5 14. Qxf5
Nxf5 15. Rxe4+ Kf8 16. Rae1 Nd6 {Normal} 0-1

[Event "Rated Rapid game"]
[Site "?"]
[Date "2021.11.27"]
[Round "?"]
[White "j_lisbon"]
[Black "Oberlappen"]
[Result "1-0"]
[WhiteElo "2426"]
[BlackElo "2305"]
[PlyCount "99"]
[EventDate "2021.??.??"]
[EventType "rapid"]

1. e4 e5 2. Nf3 d5 3. Nxe5 Bd6 4. d4 dxe4 5. Nc4 Be7 6. Nc3 Nf6 7. Be3 O-O 8.
Be2 a6 9. a4 Bf5 10. O-O c6 11. a5 Nd5 12. Na4 Nd7 13. c3 Bg6 14. Qd2 f5 15.
Bf4 Nxf4 16. Qxf4 Bf7 17. b4 Bd5 18. Nc5 g5 19. Qd2 Nxc5 20. bxc5 f4 21. f3 e3
22. Qc2 Qc7 23. Bd3 Rf7 24. Ne5 Rg7 25. c4 Be6 26. Bf5 Bxf5 27. Qxf5 Rf8 28.
Qe6+ Kh8 29. Rab1 Bf6 30. Qd6 Qxd6 31. cxd6 Rd8 32. c5 Re8 33. Rfd1 Bxe5 34.
dxe5 Rd7 35. Rdc1 Rxe5 36. Kf1 Kg7 37. Ke2 Kf6 38. Rc4 Ke6 39. Rd1 Rd5 40. Re4+
Kf5 41. Re7 Rd8 42. Rxd5+ cxd5 43. Rxb7 Ke6 44. Rxh7 d4 45. Rg7 Kf6 46. Rc7 Ke5
47. d7 Ke6 48. c6 Kd6 49. Rc8 Ke7 50. Kd3 {Normal} 1-0

[Event "Rated Blitz tournament EMhrwZmd"]
[Site "?"]
[Date "2021.11.27"]
[Round "?"]
[White "MiniXxGM"]
[Black "batasjon"]
[Result "0-1"]
[WhiteElo "2284"]
[BlackElo "2448"]
[PlyCount "37"]
[EventDate "2021.??.??"]
[EventType "blitz"]

1. e4 e5 2. Nf3 d5 3. exd5 e4 4. Qe2 Nf6 5. d3 Qxd5 6. dxe4 Qxe4 7. Qxe4+ Nxe4
8. Bd2 Nxd2 9. Nbxd2 Be6 10. O-O-O Nd7 11. b3 f6 12. Bc4 Bxc4 13. Nxc4 O-O-O
14. g4 Bc5 15. Rd2 Rde8 16. c3 Re4 17. h3 Rhe8 18. Kb2 Re2 19. Kc2 {Normal} 0-1

[Event "Rated Blitz game"]
[Site "?"]
[Date "2021.11.27"]
[Round "?"]
[White "gabking"]
[Black "mirekkk14"]
[Result "1-0"]
[WhiteElo "2422"]
[BlackElo "2400"]
[PlyCount "71"]
[EventDate "2021.??.??"]
[EventType "blitz"]

1. e4 e5 2. Nf3 d5 3. Nc3 d4 4. Ne2 Nc6 5. d3 Bc5 6. Ng3 h5 7. h4 Bg4 8. Be2
Nge7 9. a3 a5 10. Bg5 f6 11. Bd2 Qd7 12. Rb1 a4 13. Nh2 Bxe2 14. Qxe2 g6 15. f4
O-O-O 16. O-O Kb8 17. f5 gxf5 18. Nxf5 Nxf5 19. Rxf5 Be7 20. Rxh5 f5 21. Rxf5
Rxh4 22. Nf3 Rh7 23. Bg5 Rdh8 24. Kf2 Bxg5 25. Rxg5 b5 26. b3 axb3 27. Rxb3 Na5
28. Rb1 Rf7 29. Rxe5 c6 30. Rg5 Nb7 31. a4 bxa4 32. Qd2 Kc8 33. Qb4 c5 34. Qb6
Rhf8 35. Rb5 Qc7 36. Rgxc5 {Normal} 1-0

[Event "Rated Blitz game"]
[Site "?"]
[Date "2021.11.27"]
[Round "?"]
[White "WOOOSH"]
[Black "Annali-annaliew1979"]
[Result "1-0"]
[WhiteElo "2422"]
[BlackElo "2397"]
[PlyCount "77"]
[EventDate "2021.??.??"]
[EventType "blitz"]

1. e4 e5 2. Nf3 d5 3. exd5 e4 4. Qe2 f5 5. d3 Nf6 6. Bg5 Be7 7. dxe4 fxe4 8.
Nd4 O-O 9. Nc3 c5 10. Ne6 Bxe6 11. dxe6 Nc6 12. Rd1 Nd4 13. Qd2 Qd6 14. Bc4
Rac8 15. Bxf6 Bxf6 16. Nxe4 Qe5 17. Qe3 Be7 18. O-O Nxc2 19. Qd3 Nd4 20. Nc3 b5
21. Nxb5 Nxb5 22. Bxb5 Rcd8 23. Qb3 Kh8 24. Rfe1 Qf4 25. Qg3 Qb4 26. Bd3 Rf6
27. Bb1 Rdf8 28. Qd3 g6 29. Re2 c4 30. Qg3 Qb6 31. h4 Kg7 32. h5 Bc5 33. Rd7+
Kh8 34. hxg6 Rxf2 35. g7+ Kg8 36. gxf8=Q+ Kxf8 37. Rxf2+ Bxf2+ 38. Qxf2+ Qxf2+
39. Kxf2 {Normal} 1-0

[Event "Rated Blitz tournament YYOK3TRL"]
[Site "?"]
[Date "2021.11.27"]
[Round "?"]
[White "Starinov"]
[Black "JulianR_CHIA"]
[Result "1-0"]
[WhiteElo "2426"]
[BlackElo "2246"]
[PlyCount "137"]
[EventDate "2021.??.??"]
[EventType "blitz"]

1. e4 e5 2. Nf3 d5 3. Nc3 dxe4 4. Nxe5 Nf6 5. d4 exd3 6. Bxd3 Bd6 7. Nc4 Be7 8.
h3 O-O 9. O-O c6 10. Bf4 Nbd7 11. a4 Nb6 12. Ne3 Nbd5 13. Nexd5 Nxd5 14. Nxd5
Qxd5 15. Qe2 Bf6 16. c3 Bf5 17. Bc4 Qe4 18. Qxe4 Bxe4 19. Rfe1 Rfe8 20. f3 Bg6
21. Kf2 a6 22. a5 Rad8 23. Rxe8+ Rxe8 24. Rd1 Bf5 25. Rd2 h6 26. Re2 Rxe2+ 27.
Kxe2 Bd8 28. b4 Bf6 29. Kd2 Kf8 30. g4 Bd7 31. Bd6+ Be7 32. Be5 f6 33. Bc7 g5
34. f4 f5 35. Be2 Kg7 36. Ke3 Bf6 37. Be5 Bxe5 38. fxe5 f4+ 39. Kd4 Kf7 40. c4
h5 41. Bf3 hxg4 42. hxg4 Ke6 43. Bd1 Ke7 44. Be2 Ke6 45. Bd3 Ke7 46. Be2 Be6
47. Bf3 Kd7 48. b5 Kc7 49. bxa6 bxa6 50. Kc5 Bd7 51. Be2 Be6 52. Kd4 Bd7 53. c5
Be6 54. Bxa6 Bxg4 55. Bc4 Bf3 56. e6 g4 57. Ke5 g3 58. Bf1 g2 59. Bxg2 Bxg2 60.
Kxf4 Bd5 61. Ke5 Kd8 62. a6 Kc7 63. Kf6 Kb8 64. e7 Ka7 65. e8=Q Kxa6 66. Qe3
Kb5 67. Qd4 Ka5 68. Ke5 Kb5 69. Kd6 {Time forfeit} 1-0

[Event "Rated Blitz game"]
[Site "?"]
[Date "2021.11.27"]
[Round "?"]
[White "spanner-rt07"]
[Black "batasjon"]
[Result "0-1"]
[WhiteElo "2401"]
[BlackElo "2440"]
[PlyCount "128"]
[EventDate "2021.??.??"]
[EventType "blitz"]

1. e4 e5 2. Nf3 d5 3. d4 dxe4 4. Nxe5 Bd6 5. Nc4 Nf6 6. Nc3 O-O 7. Bg5 Be7 8.
Be2 Nc6 9. d5 Nxd5 10. Bxe7 Ncxe7 11. Nxe4 Be6 12. O-O Nf4 13. Ne3 Qd4 14. Qxd4
Nxe2+ 15. Kh1 Nxd4 16. Rad1 Rad8 17. Nc5 Bc8 18. c3 Ndf5 19. Ng4 Ng6 20. b4 b6
21. Nb3 Ng3+ 22. hxg3 Bxg4 23. Rde1 Rfe8 24. f3 Be6 25. Nd4 Nf8 26. a4 c5 27.
Nc6 Rd7 28. b5 Rc8 29. f4 g6 30. g4 f5 31. gxf5 gxf5 32. Rf3 Rcc7 33. Rfe3 Bb3
34. Ne7+ Kf7 35. Nxf5 Ng6 36. g3 Bxa4 37. Nh6+ Kg7 38. Nf5+ Kf6 39. Nh6 Bxb5
40. Re6+ Kg7 41. Nf5+ Kf7 42. Nh6+ Kf8 43. f5 Ne7 44. f6 Bc4 45. fxe7+ Rxe7 46.
Rf6+ Ke8 47. Rxe7+ Rxe7 48. Nf5 Re2 49. Nd6+ Ke7 50. Nxc4 Kxf6 51. Nd6 Rc2 52.
Kg1 Ke5 53. Nc4+ Ke4 54. Nd6+ Kf3 55. Nc4 Kxg3 56. Kf1 Rxc3 57. Ne5 Rf3+ 58.
Ke1 Re3+ 59. Kd2 Rxe5 60. Kc3 Re4 61. Kd3 Rd4+ 62. Kc3 h5 63. Kc2 h4 64. Kc3 h3
{Time forfeit} 0-1

[Event "Rated Blitz tournament zzloPC1D"]
[Site "?"]
[Date "2021.11.27"]
[Round "?"]
[White "samisahi"]
[Black "Toledanomad"]
[Result "1-0"]
[WhiteElo "2727"]
[BlackElo "2378"]
[PlyCount "77"]
[EventDate "2021.??.??"]
[EventType "blitz"]

1. e4 e5 2. Nf3 d5 3. exd5 e4 4. Qe2 Nf6 5. d3 Qxd5 6. Nc3 Bb4 7. Bd2 Bxc3 8.
Bxc3 O-O 9. dxe4 Nxe4 10. Qd3 Nxc3 11. bxc3 Re8+ 12. Be2 Qxd3 13. cxd3 Nc6 14.
Kd2 Bf5 15. Rhe1 Rad8 16. d4 Ne7 17. Bd3 Bxd3 18. Kxd3 c5 19. a4 cxd4 20. Nxd4
Nc6 21. Rxe8+ Rxe8 22. Nxc6 bxc6 23. Rb1 Kf8 24. Rb7 Re7 25. Rb8+ Re8 26. Rxe8+
Kxe8 27. Kd4 Kd7 28. Ke5 Ke7 29. g4 f6+ 30. Kd4 Kd6 31. f4 c5+ 32. Kc4 Kc6 33.
h3 a5 34. f5 g6 35. fxg6 hxg6 36. h4 f5 37. h5 fxg4 38. hxg6 g3 39. g7 {Normal}
1-0

[Event "Rated Blitz game"]
[Site "?"]
[Date "2021.11.27"]
[Round "?"]
[White "Earlgrayattack"]
[Black "Old-Veteran"]
[Result "1-0"]
[WhiteElo "2448"]
[BlackElo "2589"]
[PlyCount "109"]
[EventDate "2021.??.??"]
[EventType "blitz"]

1. e4 e5 2. Nf3 d5 3. Nxe5 Bd6 4. d4 dxe4 5. Bc4 Bxe5 6. Qh5 Qe7 7. Qxe5 Qxe5
8. dxe5 Nc6 9. Nc3 Nge7 10. Nb5 O-O 11. Nxc7 Rb8 12. e6 fxe6 13. Nxe6 Na5 14.
Nxf8+ Nxc4 15. Bf4 Ra8 16. b3 Nb6 17. Nxh7 Kxh7 18. O-O-O Bf5 19. h3 Ned5 20.
Be3 Nc3 21. Rd6 Nxa2+ 22. Kb2 Nb4 23. Bxb6 axb6 24. Rxb6 Nd5 25. Rxb7 Rc8 26.
Rb5 Ne7 27. Re5 Rc7 28. c4 Bg6 29. Ra1 Rd7 30. b4 Nc6 31. Rd5 Rf7 32. b5 Rxf2+
33. Kc3 Ne7 34. Rd7 Nf5 35. b6 e3 36. b7 e2 37. b8=Q Rf1 38. Rda7 Ne3 39. Qc7
Rf7 40. Qxf7 Bxf7 41. Rxf7 Nxg2 42. Re7 e1=Q+ 43. Raxe1 Nxe1 44. Kd4 Kg6 45. c5
Nf3+ 46. Kd5 Nd2 47. c6 Nb3 48. c7 Na5 49. c8=Q Nb3 50. Qe6+ Kh7 51. Qe5 Kh6
52. Qxg7+ Kh5 53. Re5+ Kh4 54. Rg5 Kxh3 55. Qh6# {Normal} 1-0

[Event "Rated Rapid game"]
[Site "?"]
[Date "2021.11.27"]
[Round "?"]
[White "Heinza9"]
[Black "Pawny8"]
[Result "1-0"]
[WhiteElo "2400"]
[BlackElo "2239"]
[PlyCount "121"]
[EventDate "2021.??.??"]
[EventType "rapid"]

1. e4 e5 2. Nf3 d5 3. Nxe5 Bd6 4. d4 Nf6 5. exd5 O-O 6. Be2 Nxd5 7. O-O f6 8.
Nf3 Bg4 9. h3 Bh5 10. c4 Nf4 11. c5 Nxe2+ 12. Qxe2 Be7 13. Qc4+ Kh8 14. g4 Bf7
15. Qc3 Bd5 16. Nh4 Nc6 17. Be3 a5 18. Nd2 Qe8 19. Nf5 Bd8 20. Rfe1 Qg6 21. Ng3
f5 22. gxf5 Rxf5 23. Qd3 Rf6 24. Qxg6 Rxg6 25. Kh2 Bf6 26. Nde4 Bxd4 27. Rad1
Bxe3 28. Rxd5 Bf4 29. Rf5 Be5 30. b3 Re8 31. Kg2 Nd4 32. Rf7 Kg8 33. Rd7 Bxg3
34. Nf6+ Rxf6 35. Rxe8+ Rf8 36. Rxf8+ Kxf8 37. Kxg3 Ne6 38. f4 Ke8 39. Rd5 c6
40. Re5 Kf7 41. Kg4 g6 42. f5 h5+ 43. Kh4 Nf4 44. Kg3 g5 45. h4 Kf6 46. Re3
Kxf5 47. hxg5 Nd5 48. Re8 Kxg5 49. Rb8 h4+ 50. Kf3 Nb4 51. Rxb7 Nxa2 52. Ra7
Nc1 53. Rc7 Nxb3 54. Rxc6 a4 55. Kg2 a3 56. Ra6 a2 57. Rxa2 Nxc5 58. Ra5 Kg4
59. Rxc5 h3+ 60. Kh2 Kh4 61. Rc4+ {Time forfeit} 1-0

[Event "Rated Rapid game"]
[Site "?"]
[Date "2021.11.27"]
[Round "?"]
[White "cfraffor2129"]
[Black "Dr_Lenk"]
[Result "1-0"]
[WhiteElo "2406"]
[BlackElo "2235"]
[PlyCount "71"]
[EventDate "2021.??.??"]
[EventType "rapid"]

1. e4 e5 2. Nf3 d5 3. Nxe5 Bd6 4. d4 dxe4 5. Nc4 Be7 6. Nc3 Nf6 7. Be2 h5 8.
Bf4 Bg4 9. h3 Bf5 10. Ne3 g6 11. Qd2 Bb4 12. a3 Ba5 13. Nc4 Bb6 14. O-O-O c6
15. Nd6+ Kf8 16. Nxb7 Qd7 17. Nc5 Bxc5 18. dxc5 Qxd2+ 19. Rxd2 Kg7 20. Rhd1 a5
21. Rd6 Rc8 22. Be5 Nbd7 23. Rxd7 Bxd7 24. Rxd7 Re8 25. Bxf6+ Kxf6 26. Rd6+ Kf5
27. Rxc6 e3 28. Bd3+ Kf4 29. Nd5+ Kg5 30. Nxe3 f5 31. g3 h4 32. Kd2 hxg3 33.
fxg3 Rh8 34. h4+ Kh6 35. Nxf5+ Kh5 36. Be2# {Normal} 1-0

[Event "Rated Blitz game"]
[Site "?"]
[Date "2021.11.27"]
[Round "?"]
[White "KingPinLopez"]
[Black "Annali-annaliew1979"]
[Result "0-1"]
[WhiteElo "2394"]
[BlackElo "2452"]
[PlyCount "48"]
[EventDate "2021.??.??"]
[EventType "blitz"]

1. e4 e5 2. Nf3 d5 3. exd5 e4 4. Qe2 f5 5. d3 Nf6 6. dxe4 fxe4 7. c4 Be7 8. Nd4
O-O 9. h3 c5 10. Nc2 Bd6 11. Nc3 a6 12. a4 Bf5 13. Be3 Nbd7 14. g4 Bg6 15. Rg1
Qb6 16. O-O-O Be5 17. h4 Bxc3 18. bxc3 Qb3 19. Kd2 Ne5 20. Bxc5 Nf3+ 21. Kc1
Nxg1 22. Qe3 Nxg4 23. Qg3 e3 24. Bd3 Ne2+ {Normal} 0-1

[Event "Rated Blitz tournament zzloPC1D"]
[Site "?"]
[Date "2021.11.27"]
[Round "?"]
[White "safyahmad1265"]
[Black "Toledanomad"]
[Result "0-1"]
[WhiteElo "2492"]
[BlackElo "2373"]
[PlyCount "162"]
[EventDate "2021.??.??"]
[EventType "blitz"]

1. e4 e5 2. Nf3 d5 3. exd5 e4 4. Nd4 Qxd5 5. Nb3 Bd6 6. Nc3 Qe5 7. Be2 Nf6 8.
d4 exd3 9. Qxd3 Nc6 10. f4 Qe7 11. a3 Be6 12. Bd2 O-O-O 13. Qf3 Bg4 14. Qf2
Rhe8 15. Kf1 Bxe2+ 16. Nxe2 Ne4 17. Qf3 Qe6 18. Re1 Qxb3 19. Qxe4 Qxb2 20. Qf5+
Kb8 21. Bc3 Qxa3 22. Bxg7 Qe3 23. Qd3 Qxd3 24. cxd3 Bc5 25. Rd1 Bd4 26. Nxd4
Nxd4 27. Kf2 Re2+ 28. Kf1 Rc2 29. h4 Nf5 30. Bf6 Ne3+ 31. Ke1 Nxg2+ 32. Kf1
Ne3+ 33. Ke1 Re8 34. Be5 f6 35. Rd2 fxe5 36. Rxc2 Nxc2+ 37. Kd2 Nd4 38. fxe5
Nf3+ 39. Ke3 Nxe5 40. Ke4 a5 41. d4 Nc6+ 42. Kd5 Rd8+ 43. Kc5 Rxd4 44. h5 Rd6
45. h6 b6+ 46. Kb5 Kb7 47. Rg1 Nd4+ 48. Kc4 Nf5 49. Rg5 Nxh6 50. Rg7 Nf5 51.
Rxh7 Ne3+ 52. Kc3 Nd5+ 53. Kc4 Ne3+ 54. Kc3 b5 55. Rh5 Kb6 56. Rh8 b4+ 57. Kb3
Kb5 58. Rb8+ Rb6 59. Re8 Nd5 60. Re5 c6 61. Rh5 a4+ 62. Kb2 Rb8 63. Rh2 Re8 64.
Rc2 c5 65. Rd2 Nc3 66. Rh2 Re2+ 67. Ka1 Ra2+ 68. Rxa2 Nxa2 69. Kxa2 Kc4 70. Kb2
a3+ 71. Kc2 b3+ 72. Kb1 Kc3 73. Kc1 a2 74. Kd1 a1=Q+ 75. Ke2 b2 76. Ke3 b1=Q
77. Kf4 Qe1 78. Kf5 Qac1 79. Kg4 Qce3 80. Kh5 Q3g1 81. Kh6 Qh4# {Normal} 0-1

[Event "Rated Blitz tournament VE0OuHYV"]
[Site "?"]
[Date "2021.11.27"]
[Round "?"]
[White "namimisak01"]
[Black "seph_osorio79"]
[Result "1-0"]
[WhiteElo "2402"]
[BlackElo "2278"]
[PlyCount "37"]
[EventDate "2021.??.??"]
[EventType "blitz"]

1. e4 e5 2. Nf3 d5 3. exd5 e4 4. Qe2 Nf6 5. c4 Bb4 6. Nc3 O-O 7. Ng1 c6 8. h3
cxd5 9. cxd5 Bxc3 10. bxc3 Qxd5 11. Qc4 Qf5 12. Ne2 Be6 13. Qb4 Nc6 14. Qxb7
Ne5 15. Ng3 Qg6 16. Be2 Bd5 17. Qc7 Nf3+ 18. gxf3 exf3 19. Bb5 {Time forfeit}
1-0

[Event "Rated Blitz game"]
[Site "?"]
[Date "2021.11.27"]
[Round "?"]
[White "Ahmad-ghaderi"]
[Black "Annali-annaliew1979"]
[Result "0-1"]
[WhiteElo "2539"]
[BlackElo "2447"]
[PlyCount "28"]
[EventDate "2021.??.??"]
[EventType "blitz"]

1. e4 e5 2. Nf3 d5 3. exd5 e4 4. Qe2 f5 5. d3 Nf6 6. dxe4 fxe4 7. Nc3 Be7 8.
Nxe4 Nxe4 9. Qxe4 O-O 10. Be3 Bd6 11. Nd4 Qf6 12. Bd3 g6 13. O-O-O Na6 14. f3
Nc5 {Time forfeit} 0-1